Estatísticas para Peru

Clique aqui para jogar o quiz

Estatísticas Gerais

  • Esse quiz foi jogado 18 vezes
  • A pontuação média é 6 de 15

Estatísticas das Respostas

HintResposta% Correto
Onde fica?América do Sul
100%
Qual é o seu idioma?Espanhol
100%
Qual é a sua capital?Lima
100%
De que país é independente?Espanha
94%
Qual é o desporto mais popular?Futebol
76%
Qual é a sua religião?Cristianismo
59%
Que antiga cidade Inca podemos encontrar no Peru?Machu Picchu
59%
Qual é a sua moeda?Sol
18%
Qual é o prato típico do país?Ceviche
6%
Como se chama a montanha colorida do país?Rainbow Mountain
6%
Qual é o seu ponto mais alto?Alpamayo
0%
Como se chama a cidade feita de barro que fica localizada no país?Chan Chan
0%
Qual é o animal nacional?lhamas
0%
Qual é a universidade mais antiga do país?Universidad Nacional de San Marcos
0%
Como se chamam às ilhas flutuantes no Lago de Titicaca?Uros
0%

Distribuição das Pontuações

Percentil de Números Respondidos

Porcentagem de Pessoas com Cada Pontuação

Sua Pontuação Histórica

Você não jogou esse quiz